000
00192 a2200097 4500
001
12224
100
_a
Robina Butt
245
_a
Sirf Tum
260
_a
_b
Sang-e- Meel
_c
090
_c
9443
_d
9443
942
_a
NUST-CAE
_c
M
_c
36315
999
_c
247297
_d
247297